Statistics for Volcanoes

Click here to take the quiz!

General Stats

  • This quiz has been taken 20 times
  • The average score is 7 of 15

Answer Stats

HintAnswer% Correct
Most famous volcano in ItalyMount Vesuvius
92%
Most active volcano in ItalyMount Etna
75%
Famous Volcano in IndonesiaMount Krakatoa
75%
Famous Volcano in JapanMount Fuji
67%
Famous volcano in TanzaniaMount Kilimanjaro
67%
Famous Volcano in The PhilippinesMount Pinatubo
67%
Famous Volcano in HawaiiMauna Loa
58%
Active Volcano in EcuadorMount Cotopaxi
50%
Famous Volcano in Washington U.S.AMount Rainier
50%
Famous Volcano in the Caribbean seaMount Pelee
42%
Active Volcano in IndonesiaMount Tambora
33%
Most Active volcano in the worldMount Kilauea
25%
Active Volcano in Democratic Republic of the CongoMount Nyiragongo
17%
Active Volcano in JapanMount Asama
8%
Active Volcano in GuatemalaMount Pacaya
0%

Score Distribution

Percentile by Number Answered

Percent of People with Each Score

Your Score History

You have not taken this quiz